Konsolidovaný systém na spracovanie žiadostí prístupových oprávnení k aplikáciám a do informačných systémov spoločnosti Správa užívateľských oprávnení IS v Ľudovej banke, a.s. = A consolidated system for processing of acces rights requests for applications and information systems of the company: Management of user rights for information systems in the bank : Bakalárska práca

Saved in:
Bibliographic Details
Main Author: Ondrejkovič, Peter (Author)
Other Authors: Siman, Ľuboš (xxx)
Format: Manuscript Book
Language:Slovak
Published: Trnava : STU v Bratislave MtF KAIA, 2006
Subjects:
Tags: Add Tag
No Tags, Be the first to tag this record!

MARC

LEADER 00000ntm a22000003a 4500
001 stu130891
005 20160719155520.9
008 061206s2006----xo------------------slo-d
040 |a STU  |b slo 
041 0 |a slo 
044 |a xo 
100 1 |a Ondrejkovič, Peter  |4 aut 
245 1 |a Konsolidovaný systém na spracovanie žiadostí prístupových oprávnení k aplikáciám a do informačných systémov spoločnosti Správa užívateľských oprávnení IS v Ľudovej banke, a.s. = A consolidated system for processing of acces rights requests for applications and information systems of the company: Management of user rights for information systems in the bank :  |b Bakalárska práca 
260 |a Trnava :  |b STU v Bratislave MtF KAIA,  |c 2006 
300 |a 45 s  |c 1 CD-ROM 
650 7 |a aplikovaná informatika a automatizácia v priemysle  |2 stusub 
700 1 |a Siman, Ľuboš  |4 xxx 
996 |b 284M075200  |c M*BP-2327  |l MMSKP  |s P  |a 0  |w stu130891_0001